| Tag |
First Indicator |
Second Indicator |
Subfields |
| LEADER |
00000cam a2200000 i 4500 |
| 001 |
in00004341821 |
| 005 |
20211123111101.0 |
| 006 |
m o d f |
| 007 |
cr b|||||a|||| |
| 008 |
200727s2020 dcu oz f000 0 eng c |
| 035 |
|
|
|a (OCoLC)on1178764897
|
| 042 |
|
|
|a pcc
|
| 040 |
|
|
|a GPO
|b eng
|e rda
|e pn
|c GPO
|d GPO
|d TLK
|d OCLCF
|d OCLCA
|d OCLCQ
|d GPO
|d MvI
|
| 049 |
|
|
|a WWW
|
| 074 |
|
|
|a 0996-E (online)
|
| 086 |
0 |
|
|a Y 1.1/4:116-3
|
| 130 |
0 |
|
|a Convention on the Suppression of Unlawful Acts Relating to International Civil Aviation
|d (2010 September 10)
|
| 245 |
1 |
0 |
|a Convention on the Suppression of Unlawful Acts relating to International Civil Aviation :
|b message from the President of the United States, transmitting Convention on the Suppression of Unlawful Acts Relating to International Civil Aviation (the ''Beijing Convention''), adopted by the International Civil Aviation Organization International Conference on Air Law (Diplomatic Conference On Aviation Security) in Beijing on September 10, 2010, and signed by the United States on that same date.
|
| 264 |
|
1 |
|a Washington :
|b U.S. Government Publishing Office,
|c 2020.
|
| 300 |
|
|
|a 1 online resource (vi, 32 pages).
|
| 336 |
|
|
|a text
|b txt
|2 rdacontent
|
| 337 |
|
|
|a computer
|b c
|2 rdamedia
|
| 338 |
|
|
|a online resource
|b cr
|2 rdacarrier
|
| 490 |
1 |
|
|a Treaty doc. ;
|v 116-3
|
| 500 |
|
|
|a At head of title: 116th Congress, 2d session. Senate.
|
| 500 |
|
|
|a "Referred to the Committee on Foreign Relations."
|
| 500 |
|
|
|a "June 18, 2020."
|
| 588 |
|
|
|a Description based on online resource; title from PDF title page (govinfo, viewed July 15, 2020).
|
| 610 |
2 |
0 |
|a International Civil Aviation Organization.
|
| 630 |
0 |
0 |
|a Convention on the Suppression of Unlawful Acts Relating to International Civil Aviation
|d (2010 September 10)
|
| 650 |
|
0 |
|a Terrorism
|x Prevention
|x Law and legislation.
|
| 650 |
|
0 |
|a Terrorism
|x Prevention
|x International cooperation.
|
| 650 |
|
0 |
|a Aeronautics, Commercial
|x Law and legislation.
|
| 650 |
|
0 |
|a Aeronautics, Commercial
|x Security measures.
|
| 610 |
2 |
7 |
|a International Civil Aviation Organization.
|2 fast
|0 (OCoLC)fst00529474
|
| 650 |
|
7 |
|a Aeronautics, Commercial
|x Law and legislation.
|2 fast
|0 (OCoLC)fst00798507
|
| 650 |
|
7 |
|a Aeronautics, Commercial
|x Security measures.
|2 fast
|0 (OCoLC)fst00798526
|
| 650 |
|
7 |
|a Terrorism
|x Prevention
|x International cooperation.
|2 fast
|0 (OCoLC)fst01148129
|
| 650 |
|
7 |
|a Terrorism
|x Prevention
|x Law and legislation.
|2 fast
|0 (OCoLC)fst01765505
|
| 655 |
|
7 |
|a Treaties.
|2 fast
|0 (OCoLC)fst01423868
|
| 655 |
|
7 |
|a Treaties.
|2 lcgft
|
| 710 |
1 |
|
|a United States,
|e participant in treaty.
|
| 710 |
1 |
|
|a China,
|e participant in treaty.
|
| 710 |
1 |
|
|a United States.
|b President (2017-2021 : Trump),
|e author.
|
| 710 |
1 |
|
|a United States.
|b Congress.
|b Senate.
|b Committee on Foreign Relations,
|e issuing body.
|
| 776 |
0 |
8 |
|i Microfiche version:
|t Convention on the Suppression of Unlawful Acts relating to International Civil Aviation
|w (OCoLC)1281190452
|
| 776 |
0 |
8 |
|i Print version:
|t Convention on the Suppression of Unlawful Acts relating to International Civil Aviation
|w (OCoLC)1165370097
|
| 830 |
|
0 |
|a Treaty doc. ;
|v 116-3.
|
| 856 |
4 |
0 |
|u https://purl.fdlp.gov/GPO/gpo141404
|t 0
|
| 999 |
f |
f |
|s 07eda048-42bf-36e0-8d3d-e0045a63a9cf
|i 2f3a8430-958e-31d8-aaba-b3b7e6b55417
|t 0
|
| 952 |
f |
f |
|a Texas A&M University
|b College Station
|c Electronic Resources
|d Available Online
|t 0
|e Y 1.1/4:116-3
|h Superintendent of Documents classification
|
| 998 |
f |
f |
|a Y 1.1/4:116-3
|t 0
|l Available Online
|